Biggest city in every country in the world - Statistics

General Stats
  • This quiz has been taken 32 times
  • The average score is 139 of 196
Answer Stats
Country City Pop. % Correct
Belgium Brussels 2.1m
100%
Argentina Buenos Aires 15.5m
100%
Afghanistan kabul 3.1m
100%
Belarus Minsk 2m
100%
Australia Sydney 5.3m
100%
Austria Vienna 1.8m
100%
Algeria Algiers 2.8m
93%
Cuba Havana 2.1m
93%
Chile Santiago 6.8m
93%
Brazil Sao Paulo 22.2m
93%
Canada Toronto 6.3m
93%
Netherlands Amsterdam 1.2m
90%
Greece Athens 3.1m
90%
Germany Berlin 3.5m
90%
Colombia Bogota 7.9m
90%
Romania Bucharest 1.7m
90%
Hungary Budapest 1.7m
90%
Egypt Cairo 21.4m
90%
Denmark Copenhagen 1.3m
90%
Ireland Dublin 1.2m
90%
Finland Helsinki 1.3m
90%
Indonesia Jakarta 31.2m
90%
Israel Jerusalem 957k
90%
Nigeria Lagos 20m
90%
Peru Lima 8.5m
90%
Portugal Lisbon 1.3m
90%
Mexico Mexico City 21.8m
90%
Monaco Monaco 38k
90%
Russia Moscow 12m
90%
Kenya Nairobi 5.1m
90%
India New Delhi 32m
90%
Norway Oslo 1m
90%
Panama Panama City 1.9m
90%
France Paris 11.1m
90%
Czech Republic Prague 1.3m
90%
Italy Rome 3.8m
90%
Bosnia and Herzegovina Sarajevo 340k
90%
Singapore Singapore 6m
90%
Japan Tokyo 37.3m
90%
Poland Warsaw 3.1m
90%
Andorra Andorra la vella 22k
86%
Iraq Baghdad 7.3m
86%
Lebanon Beirut 2.4m
86%
Slovakia Bratislava 440k
86%
Bangladesh Dhaka 22.4m
86%
China guangzhou 46m
86%
Guatemala Guatemala city 4.1m
86%
Jamaica Kingston 600k
86%
Kuwait Kuwait City 4.1m
86%
Spain Madrid 6.8m
86%
Iceland Reykjavik 135k
86%
South Korea Seoul 26m
86%
Bulgaria Sofia 1.2m
86%
Iran Tehran 9.3m
86%
Albania Tirana 726k
86%
Libya Tripoli 1.1m
86%
Croatia Zagreb 680k
86%
Ethiopia Addis Ababa 4.5m
83%
New Zealand Auckland 1.5m
83%
Serbia Belgrade 1.4m
83%
Morocco Casablanca 3.4m
83%
Qatar Doha 650k
83%
South Africa Johannesburg 10.2m
83%
Nepal Kathmandu 1.5m
83%
Dem. Republic of the Congo Kinshasa 15.6m
83%
Luxembourg Luxembourg 182k
83%
Philippines Manila 22m
83%
Bahamas Nassau 210k
83%
Haiti Port au Prince 2.9m
83%
Latvia Riga 625k
83%
Saudi Arabia Riyadh 7.5m
83%
El Salvador San Salvador 1.1m
83%
Sweden Stockholm 1.6m
83%
Estonia Tallinn 438k
83%
Jordan Amman 4.5m
79%
Azerbaijan Baku 2.4m
79%
Thailand Bangkok 10.2m
79%
Turkey Istanbul 15m
79%
Malaysia Kuala Lumpur 8.4m
79%
Somalia Mogadishu 2.5m
79%
Oman Muscat 1.6m
79%
Dominican Republic Santo Domingo 3.4m
79%
Mongolia Ulaanbaatar 1.5m
79%
Lithuania Vilnius 590k
79%
Switzerland Zurich 1.4m
79%
Madagascar Antananarivo 2.6m
76%
Syria Damascus 2.5m
76%
Djibouti Djibouti 600k
76%
Pakistan Karachi 16.4m
76%
Angola Luanda 8.5m
76%
Cyprus Nicosia 200k
76%
Cambodia Phnom Penh 2.2m
76%
Montenegro Podgorica 169k
76%
Kosovo Pristina 300k
76%
North Korea Pyongyang 3.1m
76%
Costa Rica San Jose 1.4m
76%
North Macedonia Skopje 606k
76%
Georgia Tbilisi 1.2m
76%
Tunisia Tunis 2.4m
76%
Namibia Windhoek 460k
76%
Ghana Accra 2.6m
72%
Kazakhstan Almaty 1.9m
72%
Paraguay Asuncion 3.4m
72%
Mali Bamako 2.7m
72%
Kyrgyzstan Bishkek 1m
72%
Moldova Chisinau 500k
72%
Senegal Dakar 3.1m
72%
United Arab Emirates Dubai 2.9m
72%
Sudan Khartoum 6.1m
72%
Ukraine Kiev 3m
72%
Slovenia Ljubljana 280k
72%
United Kingdom London 9m
72%
United States of America New York City 9m
72%
Taiwan Taipei 7.4m
72%
Laos Vientiane 705k
72%
Belize Belize city 57k
69%
Rep. of the Congo Brazzaville 2.5m
69%
Sri Lanka Colombo 5.6m
69%
Guyana Georgetown 118k
69%
Nicaragua Managua 1.4m
69%
Mozambique Maputo 1.1m
69%
Liberia Monrovia 1.6m
69%
Armenia Yerevan 1m
69%
Eritrea Asmara 960k
66%
Tanzania Dar es Salaam 7.4m
66%
Sierra Leone Freetown 1.1m
66%
Gabon Libreville 700k
66%
Maldives Male 100k
66%
Bahrain Manama 680k
66%
Uruguay Montevideo 1.3m
66%
Chad N'djamena 1.5m
66%
Papua New Guinea Port Moresby 400k
66%
Sao Tome and Principe Sao Tome 68k
66%
Fiji Suva 93k
66%
Honduras Tegucigalpa 1.5m
66%
Bhutan Thimphu 114k
66%
Vatican City Vatican City 0.7k
66%
Central African Republic Bangui 600k
62%
Guinea Bissau Bissau 640k
62%
Venezuela Caracas 3m
62%
East Timor Dili 200k
62%
botswana Gaborone 230k
62%
Vietnam Ho Chi Minh City 13m
62%
Uganda Kampala 1.5m
62%
Rwanda Kigali 1m
62%
Malawi Lilongwe 990k
62%
Niger Niamey 1m
62%
Mauritania Nouakchott 900k
62%
Myanmar Yangon 5.5m
62%
Ivory Coast Abidjan 5.5m
59%
Brunei Darussalam Bandar Seri Begawan 140k
59%
Guinea Conakry 2m
59%
Burkina Faso Ouagadougou 2.5m
59%
Suriname Paramaribo 240k
59%
Turkmenistan Ashgabat 1m
55%
Barbados Bridgetown 110k
55%
Saint Lucia Castries 65k
55%
Tajikistan Dushanbe 750k
55%
Ecuador Guayaquil 3m
55%
Zimbabwe Harare 1.6m
55%
South Sudan Juba 525k
55%
Togo Lome 730k
55%
Comoros Moroni 111k
55%
Mauritius Port Louis 150k
55%
Dominica Roseau 14k
55%
Yemen Sana'a 3.1m
55%
Antigua and Barbuda St. John's 22k
55%
Seychelles Victoria 23k
55%
Samoa Apia 37k
52%
Benin Cotonou 2.4m
52%
Lesotho Maseru 270k
52%
Grenada St. George's 33k
52%
Uzbekistan Tashkent 2.6m
52%
Saint Kitts and Nevis Basseterre 13k
48%
Zambia Lusaka 3m
48%
Cape Verde Praia 113k
48%
Bolivia Santa Cruz de la Sierra 1.7m
48%
Burundi Bujumbura 1m
45%
Saint Vincent and the Grenadines Kingstown 13k
45%
Nauru Yaren 0.7k
45%
Marshall Islands Majuro 27k
41%
Liechtenstein Schaan 6k
41%
Cameroon Douala 3.9m
38%
Solomon Islands Honiara 92k
38%
Vanuatu Port Vila 51k
34%
Malta Birkirkara 21k
31%
Tuvalu Funafuti 5k
31%
Equatorial Guinea Bata 455k
17%
Trinidad and Tobgao Chaguanas 67k
14%
Palau Koror 11k
14%
Eswatini Manzini 110k
14%
Gambia Serekunda 340k
14%
Micronesia Weno 13k
14%
Kiribati Betio 17k
10%
San Marino Dogana 7k
10%
Tonga Nukualofe 24k
7%
No matching quizzes found
Score Distribution
Percent of People with Each Score
Percentile by Number Answered
Your Score History
You have not taken this quiz